00604 2200193 4500001002100000005001500021035002000036007000300056008004100059082001000100084001600110100002600126245006200152260002000214300004300234520010100277600001600378990001600394INLIS00000000000053420210929124939 a0010-0921000006ta210929 b 1 ind  a398.2 a398.2 YUD k0 aYudhistira Ikranegara1 aKumpulan Cerita Rakyat Nusantara /cYudhistira Ikranegara bBrian publisher a128 Halaman :bIlustrasi ;c24 x 16 cm acerita rakyat terutama yang berkaitan dengan dongeng dan legenda,tentu tidak sama dengan sejarah 4aCerita Anak a00000001608